00777nam a2200217 a 450000100100000000500170001000800410002704000250006808200150009310000230010824500810013126000390021230000330025150000220028450000280030650000300033459000270036470000380039195201130042999900170054200004019020201002033954.0130814s1993 xxua 001 0 spa d aDO-SdBNPbengcBNPHU axxxxbxxxx1 aO'Day, Kate96645910aAdobe photoshop :blimited edition /cKate O'Day, Judith Walthers von Alten. aEstados Unidos :b[s.n.],c[1993]. axiii, 177 p :bil. ;c23 cm. aIncludes glossary aUser guide and tutorial aVersion 2.5 for macintosh aInventariado, 2019 /LP1 aWalthers von Alten, Judith966460 001050718MOaGRbGRcHDd2013-08-14iLF1l0oxxxx xxxxp40190-10r2020-06-25w2020-06-25y1ZNo se presta c39680d39680